Normal view
MARC view
Entry Personal Name
001 - CONTROL NUMBER
- control field: 40787
003 - CONTROL NUMBER IDENTIFIER
- control field: ARRUPE
005 - DATE AND TIME OF LATEST TRANSACTION
- control field: 20180320115442.0
008 - FIXED-LENGTH DATA ELEMENTS
- fixed length control field: 180320|| aca||aabn | a|a d
040 ## - CATALOGING SOURCE
- Original cataloging agency: ARRUPE
- Transcribing agency: ARRUPE
100 ## - HEADING--PERSONAL NAME
- Personal name: Gouvernaire, Jean
670 ## - SOURCE DATA FOUND
- Source citation: Work cat.: (ARRUPE): Gouvernaire, Jean, Quand dieu entre a l'improviste , 1980